Centrum Securitatis to gest Hlubina Bezpečnosti aneb Svetle wimalowánj gak w samem gedinem Bohu a pokornem sa gemu na wssecku vouly oddánij a poddanj wssecka dokonala pritomneho žiwota bezpečnost pokog a blahoslawenstwj zaleží...
Spis o závislosti človeka od Boha
| Main Author: | |
|---|---|
| Format: | Manuscript Book |
| Language: | Slovak Latin |
| PhysicalDescription: | 164 strán rukopis, viazaný, ilustrácia 20 cm |
| Published: |
[Miesto vzniku nie je známe]
[medzi 1633 a 1700?]
|
| Subjects: |
MARC
| LEADER | 00000ntmaa2200000 a 4500 | ||
|---|---|---|---|
| 001 | vtls011840807 | ||
| 003 | SK-MaSNL | ||
| 005 | 20260301050639.0 | ||
| 008 | 251201q1633 xx a || 001 1 slo | ||
| 035 | |a urn:nbn:sk:snk-tm00dy4b | ||
| 035 | |a urn:nbn:sk:snk-tm3n30m | ||
| 035 | |a 6D9FA296-8AD9-425C-90BD-1AE63C20B0CF | ||
| 040 | |a SNKLA |b slo |c SNKLA |e AACR2 | ||
| 041 | 0 | |a slo |a lat | |
| 044 | |a xx | ||
| 072 | 7 | |a 2 |x Náboženstvo |2 konspekt | |
| 080 | |a 2-29 |2 2011 | ||
| 080 | |a 27 |2 2011 | ||
| 080 | |a 27-14 |2 2011 | ||
| 080 | |a 025.171 |2 2011 | ||
| 100 | 1 | |a Komenský, Jan Amos, |d 1592-1670 |4 aut |9 10137 | |
| 245 | 1 | 0 | |a Centrum Securitatis to gest Hlubina Bezpečnosti aneb Svetle wimalowánj gak w samem gedinem Bohu a pokornem sa gemu na wssecku vouly oddánij a poddanj wssecka dokonala pritomneho žiwota bezpečnost pokog a blahoslawenstwj zaleží... |c Scripsit Geor. Rakssanyi |
| 260 | |a [Miesto vzniku nie je známe] |c [medzi 1633 a 1700?] | ||
| 300 | |a 164 strán |b rukopis, viazaný, ilustrácia |c 20 cm | ||
| 500 | |a Na konci textu ilustrácia | ||
| 520 | 2 | |a Spis o závislosti človeka od Boha | |
| 546 | |a Napísané slovensky, menšie časti latinsky | ||
| 555 | 0 | |a IV. Inventár rukopisov Literárneho archívu MS. IV. Archív Slovenského národného múzea. MJ 1-1020 Rôzna proveniencia. Matica slovenská v Martine 1974 | |
| 561 | |a Okrúhla pečiatka: Museálna slovenská spoločnosť | ||
| 561 | |a Okrúhla pečiatka: Literárny archív Matice slovenskej Martin | ||
| 650 | 0 | 7 | |a náboženská literatúra |2 SNKPH |9 1487 |
| 650 | 0 | 7 | |a kresťanstvo |2 SNKPH |9 2024 |
| 650 | 0 | 7 | |a Boh |2 SNKPH |9 2070 |
| 655 | 7 | |a rukopisy |2 SNKPH |9 70548 | |
| 700 | 1 | |a Rakšáni, Juraj |4 trc |9 356611 | |
| 852 | |a Slovenská národná knižnica |b Literárny archív | ||
| 958 | |a ZJ | ||
| 958 | |a LAVD | ||
| 999 | |c 601477 |d 603407 | ||
| 952 | |a SNKLA |b SNKLA |c SNKLA_DEP |y NEVYP |7 0 |p 17A1228498 |o snkMJ 405 |0 0 |1 0 |4 0 |d 2019-02-13 |f 1 |l 0 |r 2026-02-23 15:56:31 |w 2026-02-23 | ||


